Đất Việt Nam

Đã lưu trong:
Bibliografiske detaljer
Hovedforfatter: Hội Khoa học đất Việt Nam
Format: Bog
Sprog:Undetermined
Udgivet: Hà Nội Nông nghiệp 2000
Fag:
Tags: Tilføj Tag
Ingen Tags, Vær først til at tagge denne postø!
Thư viện lưu trữ: Trung tâm Học liệu Trường Đại học Cần Thơ
LEADER 00493nam a2200169Ia 4500
001 CTU_42093
008 210402s9999 xx 000 0 und d
082 |a 631.4 
082 |b Đ124 
100 |a Hội Khoa học đất Việt Nam 
245 0 |a Đất Việt Nam 
245 0 |c Hội Khoa học đất Việt Nam 
260 |a Hà Nội 
260 |b Nông nghiệp 
260 |c 2000 
650 |a soil science 
980 |a Trung tâm Học liệu Trường Đại học Cần Thơ